[Event "Titled Tuesday intern op 16th Aug Late"]
[Site "Chess.com INT"]
[Date "2022.08.16"]
[Round "5"]
[White "Pourkashiyan, Atousa"]
[Black "Lagowski, Patryk"]
[Result "1-0"]
[WhiteElo "2322"]
[BlackElo "2333"]
[PlyCount "179"]
[EventDate "2022.08.16"]
[EventType "swiss (blitz)"]
[EventRounds "11"]
[EventCountry "USA"]
[SourceTitle "EXT 2023"]
[Source "ChessBase"]
[SourceDate "2022.10.05"]
[SourceVersion "1"]
[SourceVersionDate "2022.10.05"]
[SourceQuality "1"]

1. e4 c5 2. Nf3 d6 3. d4 cxd4 4. Nxd4 Nf6 5. Nc3 a6 6. Bc4 e6 7. 0-0 Nbd7 8. Bxe6 fxe6 9. Nxe6 Qa5 10. Nd5 Nxd5 11. exd5 Ne5 12. Bf4 Bxe6 13. dxe6 0-0-0 14. Re1 Be7 15. c3 Nc6 16. b4 Qf5 17. Bg3 Rhf8 18. a4 Ne5 19. b5 a5 20. Qd5 Nd3 21. Qc4+ Kb8 22. Re3 Ne5 23. Qd5 Ng4 24. Rd3 Qxd5 25. Rxd5 b6 26. Rad1 Kc7 27. R1d4 h5 28. Rxh5 Ne5 29. h3 Kb7 30. Bxe5 dxe5 31. Rxe5 Rxd4 32. cxd4 Bf6 33. Re4 Kc7 34. d5 Kd6 35. e7 Re8 36. Re6+ Kc7 37. Rc6+ Kd7 38. d6 Bd4 39. Kf1 Bc5 40. g3 Bxd6 41. Rxb6 Rxe7 42. Ra6 Bb4 43. Kg2 Kc7 44. h4 Kb7 45. Rg6 Rf7 46. h5 Bf8 47. g4 Kc7 48. Kg3 Bd6+ 49. Kg2 Bf8 50. f3 Kd7 51. Ra6 Bb4 52. g5 Rf5 53. Rg6 Bf8 54. Kg3 Ke7 55. Kg4 Rc5 56. f4 Kf7 57. Ra6 Rc4 58. Rxa5 Bd6 59. Ra7+ Kf8 60. g6 Rxf4+ 61. Kg5 Rf1 62. Rd7 Be7+ 63. Kg4 Rg1+ 64. Kf3 Rh1 65. Kg2 Rxh5 66. b6 Rg5+ 67. Kf3 Rxg6 68. a5 Rg5 69. a6 Rf5+ 70. Ke4 Ra5 71. a7 Ra4+ 72. Kd5 Ra5+ 73. Kc6 Rc5+ 74. Kb7 Ra5 75. a8Q+ Rxa8 76. Kxa8 Kf7 77. b7 Ke6 78. Rxe7+ Kxe7 79. b8Q Kf6 80. Qd6+ Kg5 81. Qg3+ Kh6 82. Kb7 g6 83. Kc6 Kg7 84. Kd5 Kf6 85. Ke4 g5 86. Qg4 Kg6 87. Ke5 Kh6 88. Kf6 Kh7 89. Qxg5 Kh8 90. Qg7# 1-0

[Event "Titled Tuesday intern op 09th Aug Late"]
[Site "Chess.com INT"]
[Date "2022.08.09"]
[Round "7"]
[White "Gheorghiu, Calin"]
[Black "Lagowski, Patryk"]
[Result "1-0"]
[WhiteElo "2286"]
[BlackElo "2333"]
[PlyCount "97"]
[EventDate "2022.08.09"]
[EventType "swiss (blitz)"]
[EventRounds "11"]
[EventCountry "USA"]
[SourceTitle "EXT 2023"]
[Source "ChessBase"]
[SourceDate "2022.10.05"]
[SourceVersion "1"]
[SourceVersionDate "2022.10.05"]
[SourceQuality "1"]

1. e4 c5 2. Nf3 d6 3. d4 cxd4 4. Nxd4 Nf6 5. Nc3 a6 6. Be3 e5 7. Nb3 Be7 8. f3 Be6 9. Qd2 0-0 10. Nd5 Nxd5 11. exd5 Bf5 12. Be2 Nd7 13. Na5 Qc7 14. 0-0 Bg6 15. c4 f5 16. b4 f4 17. Bf2 Rae8 18. Bd3 Bxd3 19. Qxd3 Bd8 20. Rfe1 Nf6 21. Rac1 Qf7 22. Nb3 b6 23. c5 bxc5 24. bxc5 dxc5 25. Bxc5 Be7 26. d6 Bd8 27. d7 Re6 28. Bxf8 Qxf8 29. Qc4 Qf7 30. Nc5 Bb6 31. Kh1 Rd6 32. Qxa6 Nxd7 33. Ne4 Rh6 34. Rc8+ Nf8 35. h3 Qd7 36. Qc4+ Qf7 37. Qxf7+ Kxf7 38. Ng5+ Kg6 39. Rxf8 Kxg5 40. Rxe5+ Kh4 41. Rxf4+ Kg3 42. Rg4+ Kf2 43. Rb5 Rd6 44. Rb2+ Kf1 45. Rc4 Be3 46. Rc3 Re6 47. Rd3 Bf2 48. Rd1+ Be1 49. a4 1-0

[Event "Titled Tuesday intern op 09th Aug Late"]
[Site "Chess.com INT"]
[Date "2022.08.09"]
[Round "8"]
[White "Lagowski, Patryk"]
[Black "Lopez Perdomo, Juan David"]
[Result "0-1"]
[WhiteElo "2333"]
[BlackElo "2004"]
[PlyCount "82"]
[EventDate "2022.08.09"]
[EventType "swiss (blitz)"]
[EventRounds "11"]
[EventCountry "USA"]
[SourceTitle "EXT 2023"]
[Source "ChessBase"]
[SourceDate "2022.10.05"]
[SourceVersion "1"]
[SourceVersionDate "2022.10.05"]
[SourceQuality "1"]

1. d4 c5 2. Nc3 cxd4 3. Qxd4 Nc6 4. Qh4 Nf6 5. Nf3 e6 6. Bg5 Be7 7. 0-0-0 h6 8. e4 Qa5 9. Bc4 0-0 10. Bb3 hxg5 11. Nxg5 Nh5 12. f4 g6 13. g4 Bxg5 14. fxg5 Ng7 15. Rhf1 Ne5 16. Qg3 Nc6 17. h4 b6 18. Nd5 exd5 19. exd5 Nb4 20. d6 Ba6 21. Rf6 Nxa2+ 22. Kb1 Nb4 23. Rxg6 Nxc2 24. Kxc2 Rac8+ 25. Kb1 Qb4 26. Qe5 Bd3+ 27. Rxd3 Qe1+ 28. Rd1 Qxe5 29. Rf6 Qe4+ 30. Ka2 Ne6 31. g6 fxg6 32. Rdf1 Rxf6 33. Rxf6 Rf8 34. g5 Rxf6 35. gxf6 Kf7 36. h5 gxh5 37. Bc2 Qd5+ 38. Bb3 Qxd6 39. Bc2 Kxf6 40. Bb3 Nc5 41. Bc2 Qd5+ 0-1

[Event "Titled Tuesday intern op 09th Aug Late"]
[Site "Chess.com INT"]
[Date "2022.08.09"]
[Round "5"]
[White "Lagowski, Patryk"]
[Black "Melikhov, Evgeny V"]
[Result "0-1"]
[WhiteElo "2333"]
[BlackElo "2292"]
[PlyCount "36"]
[EventDate "2022.08.09"]
[EventType "swiss (blitz)"]
[EventRounds "11"]
[EventCountry "USA"]
[SourceTitle "EXT 2023"]
[Source "ChessBase"]
[SourceDate "2022.10.05"]
[SourceVersion "1"]
[SourceVersionDate "2022.10.05"]
[SourceQuality "1"]

1. d4 Nf6 2. c4 e6 3. Nc3 Bb4 4. e3 b6 5. Nge2 Ba6 6. a3 Bxc3+ 7. Nxc3 d5 8. cxd5 Bxf1 9. Kxf1 exd5 10. g3 0-0 11. Kg2 c5 12. Qf3 c4 13. Rb1 a6 14. b3 b5 15. bxc4 bxc4 16. a4 Nc6 17. Ba3 Re8 18. Rb6 Qxb6 0-1

[Event "POL-chT"]
[Site "Wroclaw"]
[Date "2011.10.09"]
[Round "9"]
[White "Lagowski, Patryk"]
[Black "Schmidt, Wlodzimierz"]
[Result "1/2-1/2"]
[WhiteElo "2321"]
[BlackElo "2396"]
[PlyCount "72"]
[EventDate "2011.05.06"]
[EventType "team-tourn"]
[EventRounds "9"]
[EventCountry "POL"]
[SourceTitle "EXT 2012"]
[Source "ChessBase"]
[SourceDate "2011.11.24"]
[SourceVersion "1"]
[SourceVersionDate "2011.11.24"]
[SourceQuality "1"]
[WhiteTeam "Grudziadz"]
[BlackTeam "Poznan"]
[WhiteTeamCountry "POL"]
[BlackTeamCountry "POL"]

1. d4 Nf6 2. Nf3 g6 3. g3 Bg7 4. Bg2 d5 5. c4 dxc4 6. Qa4+ Nfd7 7. Qxc4 0-0 8. Nc3 Nb6 9. Qb3 Be6 10. Qd1 Nc6 11. e3 Qc8 12. 0-0 Bh3 13. Bxh3 Qxh3 14. Ng5 Qd7 15. f4 Rad8 16. Qf3 e6 17. Nge4 Nd5 18. Ne2 b6 19. Bd2 f5 20. Nf2 Nce7 21. Rac1 Nc8 22. Rc2 Nd6 23. Rfc1 Rc8 24. b3 Rfd8 25. g4 Nf6 26. gxf5 gxf5 27. Nd3 Nd5 28. Ng3 Nf7 29. Nh5 Kh8 30. Be1 Rg8 31. Rg2 Nd6 32. Kh1 Qe7 33. Rcc2 Bf6 34. Nxf6 Qxf6 35. Ne5 Rxg2 36. Rxg2 Rg8 1/2-1/2

[Event "POL-chT"]
[Site "Wroclaw"]
[Date "2011.09.03"]
[Round "5.1"]
[White "Cyborowski, Lukasz"]
[Black "Lagowski, Patryk"]
[Result "1-0"]
[WhiteElo "2531"]
[BlackElo "2321"]
[PlyCount "77"]
[EventDate "2011.05.06"]
[EventType "team-tourn"]
[EventRounds "9"]
[EventCountry "POL"]
[SourceTitle "EXT 2012"]
[Source "ChessBase"]
[SourceDate "2011.11.24"]
[SourceVersion "1"]
[SourceVersionDate "2011.11.24"]
[SourceQuality "1"]
[WhiteTeam "Dankowice Pasjonat"]
[BlackTeam "Grudziadz"]
[WhiteTeamCountry "POL"]
[BlackTeamCountry "POL"]

1. Nf3 Nf6 2. d4 d5 3. c4 e6 4. Bg5 Nbd7 5. Nc3 Bb4 6. cxd5 exd5 7. e3 0-0 8. Bd3 c5 9. 0-0 Qa5 10. Qc2 c4 11. Bf5 Bxc3 12. bxc3 Re8 13. Nd2 g6 14. Bxd7 Nxd7 15. f3 f6 16. Bh6 Nb6 17. e4 Qa4 18. Qb2 Bd7 19. Rae1 Qc6 20. Re3 Kf7 21. Bf4 Re6 22. Rfe1 Rae8 23. e5 Na4 24. Qc2 b5 25. Nf1 a5 26. exf6 Rxe3 27. Nxe3 Qxf6 28. Be5 Qh4 29. Rf1 Bc6 30. f4 Kg8 31. f5 Qe4 32. Qxe4 dxe4 33. f6 Kf7 34. Ng4 e3 35. Nh6+ Ke6 36. f7 Rf8 37. Bg7 Ke7 38. Ng8+ Ke6 39. Rf6+ 1-0

[Event "POL-chT"]
[Site "Wroclaw"]
[Date "2011.09.02"]
[Round "4.5"]
[White "Lagowski, Patryk"]
[Black "Bobras, Piotr"]
[Result "1/2-1/2"]
[WhiteElo "2321"]
[BlackElo "2545"]
[PlyCount "115"]
[EventDate "2011.05.06"]
[EventType "team-tourn"]
[EventRounds "9"]
[EventCountry "POL"]
[SourceTitle "EXT 2012"]
[Source "ChessBase"]
[SourceDate "2011.11.24"]
[SourceVersion "1"]
[SourceVersionDate "2011.11.24"]
[SourceQuality "1"]
[WhiteTeam "Grudziadz"]
[BlackTeam "Katowice"]
[WhiteTeamCountry "POL"]
[BlackTeamCountry "POL"]

1. d4 Nf6 2. Nf3 g6 3. g3 Bg7 4. Bg2 d5 5. 0-0 0-0 6. c4 dxc4 7. Na3 c3 8. bxc3 c5 9. Ne5 Nc6 10. Nxc6 bxc6 11. Qa4 cxd4 12. cxd4 Bd7 13. Rb1 Nd5 14. Bd2 Nb6 15. Qb4 Bf5 16. e4 Be6 17. Be3 Bxa2 18. Rbc1 Qd7 19. Rfd1 Be6 20. Qc5 Rac8 21. Nc2 Bb3 22. Rd3 Bxc2 23. Qxc2 Rfd8 24. Rd2 e6 25. Bf1 Qe7 26. Ba6 Rc7 27. Rcd1 Qa3 28. Bf1 Qe7 29. h4 h5 30. Ba6 Qa3 31. Bf1 Qe7 32. Ba6 Kh7 33. Rd3 Bh6 34. f4 Bg7 35. Qb3 Nd7 36. Bd2 c5 37. Ba5 Nb6 38. Bxb6 axb6 39. e5 Rxd4 40. Rxd4 cxd4 41. Qxb6 Rc3 42. Bd3 Qd7 43. Qb4 Qd5 44. Kf2 Qa2+ 45. Kg1 Qd5 46. Kf2 Kg8 47. Be2 Rc2 48. Rxd4 Qa2 49. Rd8+ Kh7 50. Qb5 Qa7+ 51. Kf3 Qg1 52. Qd3 Qh1+ 53. Ke3 Qc1+ 54. Kf2 Rc3 55. Qe4 Qa3 56. Rd3 Rxd3 57. Qxd3 Qxd3 58. Bxd3 1/2-1/2

[Event "Warsaw Najdorf Memorial op-A"]
[Site "Warsaw"]
[Date "2011.07.21"]
[Round "8"]
[White "Lagowski, Patryk"]
[Black "Simonian, Hrair"]
[Result "1/2-1/2"]
[WhiteElo "2321"]
[BlackElo "2461"]
[PlyCount "72"]
[EventDate "2011.07.13"]
[EventType "swiss"]
[EventRounds "9"]
[EventCountry "POL"]
[SourceTitle "CBM 143 Extra"]
[Source "ChessBase"]
[SourceDate "2011.08.29"]
[SourceVersion "1"]
[SourceVersionDate "2011.08.29"]
[SourceQuality "1"]

1. d4 d5 2. Nf3 Nf6 3. c4 c6 4. e3 Bg4 5. Nc3 e6 6. h3 Bxf3 7. Qxf3 Bd6 8. cxd5 exd5 9. Bd3 Nbd7 10. g4 g6 11. Bd2 Qe7 12. 0-0-0 0-0-0 13. g5 Ne8 14. e4 dxe4 15. Nxe4 Nb6 16. Rhe1 Qd7 17. Kb1 Nd5 18. Bc4 Nec7 19. h4 Rhf8 20. Bf1 Kb8 21. Bh3 Ne6 22. Ba5 b6 23. Bc3 Bc7 24. Nf6 Nxf6 25. Qxf6 Qd5 26. Bxe6 fxe6 27. Qxe6 Rd7 28. Qxd5 cxd5 29. Re2 Rdf7 30. Rde1 Bd6 31. Re6 Kc7 32. h5 gxh5 33. Rh6 Bf4 34. Rxh5 Rg8 35. Reh1 Rgg7 36. Rg1 Rg8 1/2-1/2

[Event "Warsaw Najdorf Memorial op-A"]
[Site "Warsaw"]
[Date "2011.07.20"]
[Round "7"]
[White "Olszewski, Michal"]
[Black "Lagowski, Patryk"]
[Result "1-0"]
[WhiteElo "2541"]
[BlackElo "2321"]
[PlyCount "79"]
[EventDate "2011.07.13"]
[EventType "swiss"]
[EventRounds "9"]
[EventCountry "POL"]
[SourceTitle "CBM 143 Extra"]
[Source "ChessBase"]
[SourceDate "2011.08.29"]
[SourceVersion "1"]
[SourceVersionDate "2011.08.29"]
[SourceQuality "1"]

1. d4 Nf6 2. c4 e6 3. Nf3 d5 4. Nc3 Bb4 5. Qa4+ Nc6 6. e3 0-0 7. Bd2 Bd7 8. Qc2 a6 9. Rd1 dxc4 10. Bxc4 Bd6 11. 0-0 e5 12. dxe5 Nxe5 13. Nxe5 Bxe5 14. f4 Bd6 15. Be2 Bc6 16. e4 Bb4 17. e5 Nd5 18. Bd3 h6 19. Nxd5 Bxd2 20. Rxd2 Bxd5 21. Bc4 c6 22. Bxd5 cxd5 23. Qb3 b5 24. Rxd5 Qb6+ 25. Kh1 Rad8 26. Rxd8 Rxd8 27. f5 Re8 28. Qg3 Qc7 29. Re1 Qc2 30. f6 Qg6 31. Qxg6 fxg6 32. fxg7 Kxg7 33. Kg1 g5 34. Kf2 Kg6 35. Kf3 Rf8+ 36. Ke3 Rf4 37. g3 Rb4 38. b3 Kf7 39. Kd3 Rg4 40. Re4 1-0

[Event "Warsaw Najdorf Memorial op-A"]
[Site "Warsaw"]
[Date "2011.07.16"]
[Round "3"]
[White "Adamowicz, Maciej"]
[Black "Lagowski, Patryk"]
[Result "0-1"]
[WhiteElo "1989"]
[BlackElo "2321"]
[PlyCount "52"]
[EventDate "2011.07.13"]
[EventType "swiss"]
[EventRounds "9"]
[EventCountry "POL"]
[SourceTitle "CBM 143 Extra"]
[Source "ChessBase"]
[SourceDate "2011.08.29"]
[SourceVersion "1"]
[SourceVersionDate "2011.08.29"]
[SourceQuality "1"]

1. c4 g6 2. Nc3 Bg7 3. g3 e5 4. Bg2 Nc6 5. Nf3 d6 6. d3 Nge7 7. 0-0 0-0 8. Rb1 a5 9. a3 f5 10. Qc2 f4 11. b4 axb4 12. axb4 Nf5 13. Qd1 h6 14. b5 Nce7 15. e3 g5 16. g4 Nh4 17. Nxh4 gxh4 18. h3 Kh8 19. Kh2 c6 20. Bf3 d5 21. cxd5 cxd5 22. Qb3 fxe3 23. fxe3 e4 24. Nxe4 dxe4 25. dxe4 Qd6+ 26. Kh1 Be6 0-1

[Event "POL-chT 66th"]
[Site "Katowice"]
[Date "2010.09.05"]
[Round "2"]
[White "Kolosowski, Mateusz"]
[Black "Lagowski, Patryk"]
[Result "1-0"]
[WhiteElo "2342"]
[BlackElo "2322"]
[PlyCount "87"]
[EventDate "2010.09.04"]
[EventType "team-tourn"]
[EventRounds "9"]
[EventCountry "POL"]
[SourceTitle "EXT 2016"]
[Source "ChessBase"]
[SourceDate "2015.10.08"]
[SourceVersion "1"]
[SourceVersionDate "2015.10.08"]
[SourceQuality "1"]
[WhiteTeam "Prokonex"]
[BlackTeam "Szkola Grudziadz"]
[WhiteTeamCountry "POL"]
[BlackTeamCountry "POL"]

1. d4 Nf6 2. c4 e6 3. g3 c5 4. d5 exd5 5. cxd5 d6 6. Nc3 g6 7. Bg2 Bg7 8. Nf3 0-0 9. 0-0 Re8 10. Nd2 b6 11. a4 Ba6 12. Nb5 Bxb5 13. axb5 Nbd7 14. Re1 Re7 15. Nc4 Ne8 16. Bg5 f6 17. Bd2 Ne5 18. Nxe5 fxe5 19. e4 Rf7 20. Qe2 Bf6 21. h4 Ng7 22. Bh3 Rb8 23. Ra3 Rbb7 24. Rea1 Qe8 25. b4 Qd8 26. bxc5 dxc5 27. Bh6 Qd6 28. Qc4 Kh8 29. Be6 Rfc7 30. Rf3 Ne8 31. g4 Bg7 32. g5 Rb8 33. Raa3 Re7 34. h5 gxh5 35. Rf5 Nc7 36. Bxg7+ Rxg7 37. Raf3 Nxe6 38. dxe6 Rbg8 39. Qd5 Rxg5+ 40. Rxg5 Rxg5+ 41. Kf1 Qb8 42. e7 Rg8 43. Qf7 h6 44. Rf6 1-0

[Event "Warsaw AIG Life rapid 9th"]
[Site "Warsaw"]
[Date "2009.12.19"]
[Round "3"]
[White "Markowski, Tomasz"]
[Black "Lagowski, Patryk"]
[Result "1-0"]
[WhiteElo "2629"]
[BlackElo "2322"]
[PlyCount "189"]
[EventDate "2009.12.19"]
[EventType "swiss (rapid)"]
[EventRounds "13"]
[EventCountry "POL"]
[SourceTitle "CBM 133 Extra"]
[Source "ChessBase"]
[SourceDate "2010.01.05"]
[SourceVersion "1"]
[SourceVersionDate "2010.01.05"]
[SourceQuality "1"]

1. g3 g6 2. Bg2 Bg7 3. c4 d6 4. Nc3 e5 5. d3 Ne7 6. e4 0-0 7. Nge2 Nbc6 8. 0-0 Nd4 9. Nxd4 exd4 10. Ne2 c5 11. b4 cxb4 12. a3 bxa3 13. Bxa3 Nc6 14. Nf4 Kh8 15. Nd5 f5 16. f4 Re8 17. Re1 fxe4 18. Bxe4 Bh3 19. Rb1 Qd7 20. Qa4 Bf5 21. Qb3 Bxe4 22. dxe4 b6 23. Qd3 Rac8 24. Bb4 Re6 25. Kg2 Rce8 26. Bd2 Ne7 27. h3 Nc6 28. Bb4 Rc8 29. Bd2 Ree8 30. g4 Nd8 31. Bb4 Qc6 32. Rbc1 Ne6 33. Qa3 d3 34. f5 gxf5 35. gxf5 a5 36. Bc3 d2 37. Bxd2 Rg8 38. Kh1 Nc5 39. f6 Bf8 40. Qf3 Nd7 41. Bc3 Ne5 42. Bxe5 dxe5 43. Rg1 Bc5 44. Rxg8+ Rxg8 45. f7 Rf8 46. Qf5 Qg6 47. Qxe5+ Qg7 48. Rb1 Rxf7 49. Nxb6 Rb7 50. Rb5 Bxb6 51. c5 a4 52. Qxg7+ Kxg7 53. cxb6 a3 54. Kg2 a2 55. Ra5 Rxb6 56. Rxa2 Kf6 57. Ra7 h6 58. Kg3 Rb1 59. Ra5 Re1 60. Kf4 Rf1+ 61. Kg4 Re1 62. Rf5+ Kg6 63. Kf4 Rh1 64. Kg3 Rg1+ 65. Kf2 Ra1 66. Rf3 Ra2+ 67. Kg3 Re2 68. Kf4 Kf6 69. Re3 Rf2+ 70. Kg3 Ra2 71. Kf4 Rf2+ 72. Rf3 Rg2 73. Ke3+ Ke6 74. Kd4 Rd2+ 75. Rd3 Rh2 76. Ra3 Rd2+ 77. Ke3 Rb2 78. Ra6+ Ke5 79. Ra5+ Kf6 80. Rf5+ Kg6 81. h4 Rb3+ 82. Kf4 Rb1 83. h5+ Kg7 84. Ra5 Rh1 85. Ra7+ Kf6 86. e5+ Ke6 87. Ra6+ Kd5 88. Rd6+ Kc5 89. Rxh6 Rf1+ 90. Ke4 Re1+ 91. Kf5 Rf1+ 92. Ke6 Kd4 93. Rf6 Re1 94. Rf4+ Kc5 95. Rh4 1-0

[Event "POL-chT 1st League"]
[Site "Ustron"]
[Date "2009.09.20"]
[Round "9.29"]
[White "Lagowski, Patryk"]
[Black "Dobrowolski, Piotr"]
[Result "0-1"]
[WhiteElo "2324"]
[BlackElo "2389"]
[PlyCount "98"]
[EventDate "2009.09.12"]
[EventType "team-swiss"]
[EventRounds "9"]
[EventCountry "POL"]
[SourceTitle "EXT 2019"]
[Source "ChessBase"]
[SourceDate "2018.10.10"]
[SourceVersion "1"]
[SourceVersionDate "2018.10.10"]
[SourceQuality "1"]
[WhiteTeam "Grudziadz Rotmistrz"]
[BlackTeam "Wroclaw AZS WSB"]
[WhiteTeamCountry "POL"]
[BlackTeamCountry "POL"]

1. d4 Nf6 2. c4 g6 3. Nc3 Bg7 4. Nf3 0-0 5. e4 d6 6. Be2 Nbd7 7. 0-0 e5 8. dxe5 dxe5 9. b3 Re8 10. Qc2 c6 11. Ba3 Bf8 12. Bb2 Nh5 13. Rfd1 Nf4 14. Bf1 Qc7 15. g3 Ne6 16. a3 a5 17. Rab1 b6 18. h4 Bg7 19. Na4 Ndc5 20. Nxc5 bxc5 21. Bh3 Nd4 22. Nxd4 Bxh3 23. Ne2 f5 24. Nc3 Rf8 25. Na4 Bg4 26. Rd2 fxe4 27. Nxc5 e3 28. fxe3 Bh6 29. Re1 Rf3 30. Qe4 Rxg3+ 31. Rg2 Bf3 32. Rxg3 Bxe4 33. Nxe4 Bg7 34. h5 Rb8 35. hxg6 h6 36. Rf1 Rxb3 37. Rf7 Qb8 38. Bc3 Rxa3 39. Nf6+ Bxf6 40. Rxf6 Rxc3 41. g7 Qb1+ 42. Kh2 Rc2+ 43. Kh3 Qh1+ 44. Kg4 Rxc4+ 45. Kf5 Qh5+ 46. Ke6 Rg4 47. Kd6 Qe8 48. Rxh6 e4 49. Rf6 Qb8+ 0-1

[Event "POL-chT 1st League"]
[Site "Ustron"]
[Date "2009.09.17"]
[Round "6"]
[White "Lagowski, Patryk"]
[Black "Dudzinski, Pawel"]
[Result "0-1"]
[WhiteElo "2324"]
[BlackElo "2269"]
[PlyCount "63"]
[EventDate "2009.09.12"]
[EventType "team-swiss"]
[EventRounds "9"]
[EventCountry "POL"]
[SourceTitle "CBM 132 Extra"]
[Source "ChessBase"]
[SourceDate "2009.11.03"]
[SourceVersion "1"]
[SourceVersionDate "2009.11.03"]
[SourceQuality "1"]
[WhiteTeam "Grudziadz Rotmistrz"]
[BlackTeam "Ostrow Wielkopolski"]
[WhiteTeamCountry "POL"]
[BlackTeamCountry "POL"]

1. d4 f5 2. c4 Nf6 3. Nf3 g6 4. g3 Bg7 5. Bg2 0-0 6. Nc3 d6 7. 0-0 Qe8 8. Nd5 Nxd5 9. cxd5 Nd7 10. Ng5 Nb6 11. a4 a5 12. h4 Bd7 13. Ne6 Bxe6 14. dxe6 d5 15. Bf4 Qd8 16. h5 c6 17. hxg6 hxg6 18. g4 Qc8 19. gxf5 Rxf5 20. e3 Qxe6 21. Bh3 Kf7 22. Bxf5 Qxf5 23. Kg2 Nc4 24. Rh1 Nxb2 25. Qf3 Nc4 26. Rh2 Rh8 27. Rxh8 Bxh8 28. Rd1 b5 29. Bc7 Qxf3+ 30. Kxf3 b4 31. Ke2 Bf6 32. Rb1 0-1

[Event "POL-chT 1st League"]
[Site "Ustron"]
[Date "2009.09.15"]
[Round "4"]
[White "Jaroch, Pawel"]
[Black "Lagowski, Patryk"]
[Result "0-1"]
[WhiteElo "2254"]
[BlackElo "2324"]
[PlyCount "118"]
[EventDate "2009.09.12"]
[EventType "team-swiss"]
[EventRounds "9"]
[EventCountry "POL"]
[SourceTitle "CBM 132 Extra"]
[Source "ChessBase"]
[SourceDate "2009.11.03"]
[SourceVersion "1"]
[SourceVersionDate "2009.11.03"]
[SourceQuality "1"]
[WhiteTeam "Gdynia Korsarz"]
[BlackTeam "Grudziadz Rotmistrz"]
[WhiteTeamCountry "POL"]
[BlackTeamCountry "POL"]

1. d4 g6 2. Nf3 Bg7 3. c3 Nf6 4. Bg5 h6 5. Bf4 d6 6. h3 0-0 7. Nbd2 Nc6 8. e4 e5 9. Be3 exd4 10. cxd4 Re8 11. Bd3 Nb4 12. Bb1 c5 13. 0-0 b6 14. a3 Nc6 15. d5 Ne5 16. Nxe5 Rxe5 17. Bd3 Re8 18. Qc2 Nh5 19. Bb5 Bd7 20. Bxd7 Qxd7 21. Rae1 Re7 22. g4 Nf6 23. f3 Rae8 24. Bf2 Qd8 25. Kg2 b5 26. Rd1 c4 27. Rh1 Rc7 28. Nf1 Nd7 29. h4 Ne5 30. Bd4 Qf6 31. Rh3 Qe7 32. Bxe5 Qxe5 33. Rb1 f5 34. Ng3 fxg4 35. fxg4 Rf7 36. h5 Ref8 37. hxg6 Rf2+ 38. Qxf2 Rxf2+ 39. Kxf2 Qd4+ 40. Kg2 Qd2+ 41. Kh1 Qd3 42. Rf1 Bxb2 43. Rf7 Qd1+ 44. Kg2 Qxg4 45. Rxh6 Be5 46. Rh3 c3 47. Rc7 a5 48. g7 Bxg7 49. Rh5 b4 50. axb4 axb4 51. e5 Bxe5 52. Rxe5 dxe5 53. d6 Kf8 54. Kf2 Qh4 55. Kg2 Qg5 56. Kh3 Qh6+ 57. Kg4 Qg6+ 58. Kh4 Qxd6 59. Rc8+ Kf7 0-1

[Event "Warsaw Najdorf Memorial op-A"]
[Site "Warsaw"]
[Date "2009.07.21"]
[Round "4"]
[White "Lagowski, Patryk"]
[Black "Weichhold, Pawel"]
[Result "1-0"]
[WhiteElo "2349"]
[BlackElo "2082"]
[PlyCount "75"]
[EventDate "2009.07.18"]
[EventType "swiss"]
[EventRounds "9"]
[EventCountry "POL"]
[SourceTitle "CBM 131 Extra"]
[Source "ChessBase"]
[SourceDate "2009.09.03"]
[SourceVersion "2"]
[SourceVersionDate "2009.09.16"]
[SourceQuality "1"]

1. d4 Nf6 2. c4 g6 3. Nc3 Bg7 4. Nf3 0-0 5. g3 d6 6. Bg2 Nc6 7. 0-0 Bf5 8. d5 Na5 9. Nd4 Bd7 10. b3 c5 11. dxc6 bxc6 12. e4 Qb6 13. Nde2 Qc7 14. h3 Rad8 15. Bg5 Rfe8 16. Qd2 h5 17. Rac1 Nh7 18. Be3 e5 19. Rfd1 Bf8 20. Nd5 cxd5 21. cxd5 Nxb3 22. Rxc7 Nxd2 23. Rxd2 a6 24. Rb2 Bb5 25. Nc3 Bd3 26. Rd2 Bb5 27. a4 Bd7 28. Rb2 Rc8 29. Rxd7 Nf6 30. Ra7 Rxc3 31. Rbb7 Rec8 32. Rxf7 Ne8 33. Rfb7 h4 34. g4 R3c4 35. Rxa6 Nf6 36. a5 Nxe4 37. Bxe4 Rxe4 38. Rc6 1-0

[Event "Warsaw Najdorf Memorial op-A"]
[Site "Warsaw"]
[Date "2009.07.20"]
[Round "3"]
[White "Kazmierczak, Stanislaw"]
[Black "Lagowski, Patryk"]
[Result "1/2-1/2"]
[WhiteElo "2083"]
[BlackElo "2349"]
[PlyCount "204"]
[EventDate "2009.07.18"]
[EventType "swiss"]
[EventRounds "9"]
[EventCountry "POL"]
[SourceTitle "CBM 131 Extra"]
[Source "ChessBase"]
[SourceDate "2009.09.03"]
[SourceVersion "2"]
[SourceVersionDate "2009.09.16"]
[SourceQuality "1"]

1. e4 c5 2. Nf3 d6 3. d4 cxd4 4. Nxd4 Nf6 5. Nc3 Nc6 6. f3 e5 7. Nb3 Be6 8. Be3 Be7 9. Qd2 a5 10. Nd5 Bxd5 11. exd5 Nb8 12. Bb5+ Nbd7 13. 0-0 a4 14. Nc1 0-0 15. Ne2 Qc7 16. c4 Nc5 17. Qc2 Rfc8 18. b4 Ncd7 19. Qd2 e4 20. f4 Ng4 21. Bd4 Bf6 22. h3 Bxd4+ 23. Nxd4 Ngf6 24. Nf5 Re8 25. Rac1 e3 26. Nxe3 Qb6 27. Rf3 Re4 28. Kh2 Rae8 29. Bxd7 Nxd7 30. Nf5 g6 31. Rg3 Kf8 32. Nh6 Qd4 33. Qxd4 Rxd4 34. f5 Rc8 35. fxg6 hxg6 36. Rg4 Rd2 37. Rf4 Ne5 38. Ng4 Nd3 39. Rd4 Nxc1 40. Rxd2 Rxc4 41. b5 Rb4 42. Nf6 a3 43. Rc2 Nd3 44. Rc3 Nf4 45. Rxa3 Rxb5 46. Kg3 Nxd5 47. Nxd5 Rxd5 48. Rb3 b5 49. Rb4 Rd3+ 50. Kf4 Rd2 51. g4 Rxa2 52. Rxb5 Ke7 53. g5 Ke6 54. Rb4 Rf2+ 55. Ke3 Rh2 56. h4 Rh3+ 57. Kf2 Ra3 58. Ke2 Ra1 59. Kf3 Ke5 60. Rb7 Rf1+ 61. Ke3 Kd5 62. Ra7 Kc6 63. Ke4 d5+ 64. Ke5 Rf5+ 65. Kd4 Kd6 66. Ra6+ Ke7 67. Ra7+ Kf8 68. Rd7 Rf4+ 69. Ke3 Rxh4 70. Rxd5 Ke7 71. Kf3 Ke6 72. Ra5 Rd4 73. Ra6+ Rd6 74. Ra5 Rd1 75. Ra6+ Ke5 76. Ra5+ Ke6 77. Ra6+ Rd6 78. Ra5 Rb6 79. Ke4 Rb4+ 80. Kf3 Rb1 81. Ra6+ Kd5 82. Ra5+ Kc6 83. Ke4 Re1+ 84. Kf4 Rd1 85. Ke4 Kd7 86. Rd5+ Rxd5 87. Kxd5 Kd8 88. Kd4 Ke8 89. Ke4 Ke7 90. Ke5 Kf8 91. Kf4 Kg8 92. Kg4 Kg7 93. Kf4 Kf8 94. Ke4 Ke8 95. Kd4 Kd8 96. Ke4 Kc7 97. Ke5 Kd8 98. Kd4 Kc7 99. Ke5 Kd7 100. Kd5 Kc8 101. Kc4 Kc7 102. Kc5 Kd8 1/2-1/2

[Event "Warsaw AIG Life rapid 8th"]
[Site "Warsaw"]
[Date "2008.12.20"]
[Round "6"]
[White "Berg, Emanuel"]
[Black "Lagowski, Patryk"]
[Result "1-0"]
[WhiteElo "2623"]
[BlackElo "2344"]
[PlyCount "69"]
[EventDate "2008.12.20"]
[EventType "swiss (rapid)"]
[EventRounds "13"]
[EventCountry "POL"]
[SourceTitle "CBM 127 Extra"]
[Source "ChessBase"]
[SourceDate "2009.01.08"]
[SourceVersion "2"]
[SourceVersionDate "2009.01.28"]
[SourceQuality "1"]

1. e4 c5 2. Nf3 d6 3. d4 cxd4 4. Nxd4 Nf6 5. Nc3 a6 6. Bg5 e6 7. f4 Nc6 8. Nxc6 bxc6 9. e5 h6 10. Bh4 g5 11. fxg5 Nd5 12. Ne4 Qb6 13. Bd3 hxg5 14. Bg3 dxe5 15. Bxe5 Rh4 16. Qf3 Qa5+ 17. c3 Be7 18. 0-0 f5 19. Nd6+ Bxd6 20. Bxd6 Qb6+ 21. Kh1 Ne3 22. Rfe1 Ng4 23. Re2 Kf7 24. Bg3 Rh6 25. Bc4 Qc5 26. b3 Nf6 27. Rae1 Bd7 28. Re5 Qb6 29. Qxf5 Rah8 30. Bxe6+ Bxe6 31. Qxe6+ Kg6 32. Qf5+ Kf7 33. Re7+ Kf8 34. Re8+ Kf7 35. R1e7# 1-0